<?xml version="1.0" encoding="UTF-8"?>
<record
    xmlns:xsi="http://www.w3.org/2001/XMLSchema-instance"
    xsi:schemaLocation="http://www.loc.gov/MARC21/slim http://www.loc.gov/standards/marcxml/schema/MARC21slim.xsd"
    xmlns="http://www.loc.gov/MARC21/slim">

  <leader>04661cam a22005655i 4500</leader>
  <controlfield tag="001">21733539</controlfield>
  <controlfield tag="003">OSt</controlfield>
  <controlfield tag="005">20220407163519.0</controlfield>
  <controlfield tag="006">m    |o  d |      </controlfield>
  <controlfield tag="007">cr |||||||||||</controlfield>
  <controlfield tag="008">180628s2019    xxu|||| o    |||| 0|eng  </controlfield>
  <datafield tag="010" ind1=" " ind2=" ">
    <subfield code="a">  2019751257</subfield>
  </datafield>
  <datafield tag="020" ind1=" " ind2=" ">
    <subfield code="a">9781484236062</subfield>
  </datafield>
  <datafield tag="024" ind1="7" ind2=" ">
    <subfield code="a">10.1007/978-1-4842-3606-2</subfield>
    <subfield code="2">doi</subfield>
  </datafield>
  <datafield tag="035" ind1=" " ind2=" ">
    <subfield code="a">(DE-He213)978-1-4842-3606-2</subfield>
  </datafield>
  <datafield tag="040" ind1=" " ind2=" ">
    <subfield code="a">DLC</subfield>
    <subfield code="b">eng</subfield>
    <subfield code="e">pn</subfield>
    <subfield code="e">rda</subfield>
    <subfield code="c">DLC</subfield>
  </datafield>
  <datafield tag="072" ind1=" " ind2="7">
    <subfield code="a">BUS041000</subfield>
    <subfield code="2">bisacsh</subfield>
  </datafield>
  <datafield tag="072" ind1=" " ind2="7">
    <subfield code="a">KJC</subfield>
    <subfield code="2">bicssc</subfield>
  </datafield>
  <datafield tag="072" ind1=" " ind2="7">
    <subfield code="a">KJC</subfield>
    <subfield code="2">thema</subfield>
  </datafield>
  <datafield tag="082" ind1="0" ind2="4">
    <subfield code="a">658.4092</subfield>
    <subfield code="2">1</subfield>
    <subfield code="b">BREJ</subfield>
  </datafield>
  <datafield tag="100" ind1="1" ind2=" ">
    <subfield code="a">Brett, James,</subfield>
    <subfield code="9">28251</subfield>
  </datafield>
  <datafield tag="245" ind1="1" ind2="0">
    <subfield code="a">Evolving Digital Leadership :</subfield>
    <subfield code="b">how to Be a Digital Leader in Tomorrow's Disruptive World /</subfield>
    <subfield code="c">By James Brett.</subfield>
  </datafield>
  <datafield tag="250" ind1=" " ind2=" ">
    <subfield code="a">1st ed. </subfield>
  </datafield>
  <datafield tag="264" ind1=" " ind2="1">
    <subfield code="a">Berkeley, CA :</subfield>
    <subfield code="b">Apress :</subfield>
    <subfield code="b">Imprint: Apress,</subfield>
    <subfield code="c">2019.</subfield>
  </datafield>
  <datafield tag="300" ind1=" " ind2=" ">
    <subfield code="a">Xii,324p. ;</subfield>
    <subfield code="c">23.5 cm.</subfield>
  </datafield>
  <datafield tag="337" ind1=" " ind2=" ">
    <subfield code="b">c</subfield>
  </datafield>
  <datafield tag="338" ind1=" " ind2=" ">
    <subfield code="b">cr</subfield>
  </datafield>
  <datafield tag="505" ind1="0" ind2=" ">
    <subfield code="a">Part I: Digital Leadership -- Chapter 1: Start Here -- Chapter 2: TL;DR -- Chapter 3: Becoming a Digital Leader -- Chapter 4: Career Success Pyramid -- Chapter 5: The Evolution of Digital Leadership -- Chapter 6: Unnatural Selection: Evolving Faster Than the Pace of Change -- Part II: Awareness -- Chapter 7: Humans as a Full Stack -- Chapter 8: Experts and Achievers -- Chapter 9: Preferences and Patterns -- Chapter 10: Personality Types -- Part III: Intention -- Chapter 11: Intention - The Secret to Success -- Chapter 12: Understanding What's Important -- Chapter 13: Successful Intentions -- Part IV: Attention -- Chapter 14: Attention - Self -- Chapter 15: Attention - Team -- Chapter 16: Attention - Stakeholders -- Part V: Reflection -- Chapter 17: Reflection -- Chapter 18: Reflection Methods -- Chapter 19: Reflecting Together -- Chapter 20: Coaching and Mentoring -- Chapter 21: It's Not Cheating.-.</subfield>
  </datafield>
  <datafield tag="520" ind1=" " ind2=" ">
    <subfield code="a">Get ready to be an effective digital leader, influencer, disruptor, and catalyst for change in the digital world! As a leader you need to constantly evolve to achieve sustained success. The world is being transformed by Digital. The pace of change is constantly accelerating and volatility and complexity are the new norms. Digital leaders are at the forefront of these waves of change, creating new markets and transforming traditional ones. This book is a framework and set of tools that will help you develop a deep awareness of yourself, your teams, and your stakeholders. The powerful four-step process (designed to remain relevant over time) ensures that you are embracing adversity, driving disruption, and unlocking your full leadership potential. What You'll Learn: Be an influencer, disrupter, and catalyst for change in a disruptive world Know five key career recommendations from 40 digital leaders with more than 400 years of combined experience Use the four steps of the Unnatural Selection framework to facilitate your personal evolution and digital leadership success Demystify what makes people tick using the Human Full Stack, which is a model analogous to the technical full stack, so that complex behaviors are easier to understand Embody intentionality to avoid distractions and achieve what's important-your personal evolution, growing amazing teams, and influencing stakeholders.</subfield>
  </datafield>
  <datafield tag="588" ind1=" " ind2=" ">
    <subfield code="a">Description based on publisher-supplied MARC data.</subfield>
  </datafield>
  <datafield tag="650" ind1=" " ind2="0">
    <subfield code="a">Careers.</subfield>
    <subfield code="9">28252</subfield>
  </datafield>
  <datafield tag="650" ind1=" " ind2="0">
    <subfield code="a">Industrial management.</subfield>
    <subfield code="9">28253</subfield>
  </datafield>
  <datafield tag="650" ind1=" " ind2="0">
    <subfield code="a">Leadership.</subfield>
    <subfield code="9">28254</subfield>
  </datafield>
  <datafield tag="650" ind1=" " ind2="0">
    <subfield code="a">Management.</subfield>
    <subfield code="9">28255</subfield>
  </datafield>
  <datafield tag="650" ind1=" " ind2="0">
    <subfield code="a">Organization.</subfield>
    <subfield code="9">28256</subfield>
  </datafield>
  <datafield tag="650" ind1=" " ind2="0">
    <subfield code="a">Planning.</subfield>
    <subfield code="9">28257</subfield>
  </datafield>
  <datafield tag="650" ind1=" " ind2="0">
    <subfield code="a">School administration.</subfield>
    <subfield code="9">28258</subfield>
  </datafield>
  <datafield tag="650" ind1=" " ind2="0">
    <subfield code="a">School management and organization.</subfield>
    <subfield code="9">28259</subfield>
  </datafield>
  <datafield tag="650" ind1=" " ind2="0">
    <subfield code="a">Success in business.</subfield>
    <subfield code="9">28260</subfield>
  </datafield>
  <datafield tag="650" ind1="1" ind2="4">
    <subfield code="a">Business Strategy/Leadership.</subfield>
    <subfield code="0">https://scigraph.springernature.com/ontologies/product-market-codes/515010</subfield>
    <subfield code="9">28261</subfield>
  </datafield>
  <datafield tag="650" ind1="2" ind2="4">
    <subfield code="a">Administration, Organization and Leadership.</subfield>
    <subfield code="0">https://scigraph.springernature.com/ontologies/product-market-codes/O17000</subfield>
    <subfield code="9">28262</subfield>
  </datafield>
  <datafield tag="650" ind1="2" ind2="4">
    <subfield code="a">Careers in Business and Management.</subfield>
    <subfield code="0">https://scigraph.springernature.com/ontologies/product-market-codes/517020</subfield>
    <subfield code="9">28263</subfield>
  </datafield>
  <datafield tag="650" ind1="2" ind2="4">
    <subfield code="a">Innovation/Technology Management.</subfield>
    <subfield code="0">https://scigraph.springernature.com/ontologies/product-market-codes/518000</subfield>
    <subfield code="9">28264</subfield>
  </datafield>
  <datafield tag="650" ind1="2" ind2="4">
    <subfield code="a">Organization.</subfield>
    <subfield code="0">https://scigraph.springernature.com/ontologies/product-market-codes/516000</subfield>
    <subfield code="9">28256</subfield>
  </datafield>
  <datafield tag="776" ind1="0" ind2="8">
    <subfield code="i">Print version:</subfield>
    <subfield code="t">Evolving digital leadership : how to be a digital leader in tomorrow's disruptive world</subfield>
    <subfield code="z">9781484236055</subfield>
    <subfield code="w">(DLC)  2018945614</subfield>
  </datafield>
  <datafield tag="776" ind1="0" ind2="8">
    <subfield code="i">Printed edition:</subfield>
    <subfield code="z">9781484236055</subfield>
  </datafield>
  <datafield tag="776" ind1="0" ind2="8">
    <subfield code="i">Printed edition:</subfield>
    <subfield code="z">9781484236079</subfield>
  </datafield>
  <datafield tag="906" ind1=" " ind2=" ">
    <subfield code="a">0</subfield>
    <subfield code="b">ibc</subfield>
    <subfield code="c">origres</subfield>
    <subfield code="d">u</subfield>
    <subfield code="e">ncip</subfield>
    <subfield code="f">20</subfield>
    <subfield code="g">y-gencatlg</subfield>
  </datafield>
  <datafield tag="942" ind1=" " ind2=" ">
    <subfield code="2">ddc</subfield>
    <subfield code="c">BK</subfield>
    <subfield code="e">1st</subfield>
    <subfield code="k">658.4092 BREJ</subfield>
  </datafield>
  <datafield tag="999" ind1=" " ind2=" ">
    <subfield code="c">222250</subfield>
    <subfield code="d">222250</subfield>
  </datafield>
  <datafield tag="952" ind1=" " ind2=" ">
    <subfield code="0">0</subfield>
    <subfield code="1">0</subfield>
    <subfield code="2">ddc</subfield>
    <subfield code="4">0</subfield>
    <subfield code="7">0</subfield>
    <subfield code="8">MBA</subfield>
    <subfield code="a">AIMIT</subfield>
    <subfield code="b">AIMIT</subfield>
    <subfield code="d">2022-04-07</subfield>
    <subfield code="l">0</subfield>
    <subfield code="o">658.4092 BREJ</subfield>
    <subfield code="p">MBA14344</subfield>
    <subfield code="r">2025-07-21 00:00:00</subfield>
    <subfield code="w">2022-04-07</subfield>
    <subfield code="y">BK</subfield>
  </datafield>
</record>
